The Atlantic slave trade (Record no. 124833)
[ view plain ]
| 000 -LEADER | |
|---|---|
| fixed length control field | 01486cad a2200373 a 4500 |
| 001 - CONTROL NUMBER | |
| control field | 8861393 |
| 003 - CONTROL NUMBER IDENTIFIER | |
| control field | ARRUPE |
| 005 - DATE AND TIME OF LATEST TRANSACTION | |
| control field | 20160912105941.0 |
| 006 - FIXED-LENGTH DATA ELEMENTS--ADDITIONAL MATERIAL CHARACTERISTICS--GENERAL INFORMATION | |
| fixed length control field | m m |
| 007 - PHYSICAL DESCRIPTION FIXED FIELD--GENERAL INFORMATION | |
| fixed length control field | cr mnummmmuuuu |
| 008 - FIXED-LENGTH DATA ELEMENTS--GENERAL INFORMATION | |
| fixed length control field | 020522s1969 wiub sb 001 0 eng d |
| 010 ## - LIBRARY OF CONGRESS CONTROL NUMBER | |
| LC control number | 69017325 |
| 020 ## - INTERNATIONAL STANDARD BOOK NUMBER | |
| International Standard Book Number | 0299054047 |
| 035 ## - SYSTEM CONTROL NUMBER | |
| System control number | (NyNyACL)HEB01348 |
| 035 ## - SYSTEM CONTROL NUMBER | |
| System control number | (NNC)8861393 |
| 040 ## - CATALOGING SOURCE | |
| Original cataloging agency | MiU |
| Transcribing agency | MiU |
| 050 ## - LIBRARY OF CONGRESS CALL NUMBER | |
| Classification number | HT975.C8 |
| 090 ## - LOCALLY ASSIGNED LC-TYPE CALL NUMBER (OCLC); LOCAL CALL NUMBER (OCLC) | |
| Classification number (OCLC) (R) ; Classification number, CALL (RLIN) (NR) | HT975 |
| Local cutter number (OCLC) ; Book number/undivided call number, CALL (RLIN) | (INTERNET) |
| 300 ## - PHYSICAL DESCRIPTION | |
| Other physical details | maps ; |
| Dimensions | 22 cm. |
| 100 1# - MAIN ENTRY--PERSONAL NAME | |
| Personal name | Curtin, Philip D. |
| 9 (RLIN) | 24552 |
| 245 14 - TITLE STATEMENT | |
| Title | The Atlantic slave trade |
| Remainder of title | a census / |
| Statement of responsibility, etc | by Philip D. Curtin. |
| 260 ## - PUBLICATION, DISTRIBUTION, ETC. (IMPRINT) | |
| Place of publication, distribution, etc | Madison : |
| Name of publisher, distributor, etc | University of Wisconsin Press, |
| Date of publication, distribution, etc | 1969. |
| 300 ## - PHYSICAL DESCRIPTION | |
| Extent | xix, 338 p. : |
| 500 ## - GENERAL NOTE | |
| General note | Includes index. |
| 504 ## - BIBLIOGRAPHY, ETC. NOTE | |
| Bibliography, etc | Bibliography: p. 299-311. |
| 533 ## - REPRODUCTION NOTE | |
| Type of reproduction | Electronic text and image data. |
| Place of reproduction | Ann Arbor, Mich. : |
| Agency responsible for reproduction | University of Michigan, Scholarly Publishing Office, |
| Date of reproduction | 2002. |
| Physical description of reproduction | Includes both TIFF files and keyword searchable text. |
| Series statement of reproduction | ([ACLS Humanities E-Book]) |
| Note about reproduction | Mode of access: Intranet. |
| -- | This volume is made possible by a grant from the Andrew W. Mellon Foundation. |
| 650 #0 - SUBJECT ADDED ENTRY--TOPICAL TERM | |
| Topical term or geographic name as entry element | Slave trade |
| General subdivision | History. |
| 9 (RLIN) | 24553 |
| 655 #0 - INDEX TERM--GENRE/FORM | |
| Genre/form data or focus term | Electronic books. |
| 9 (RLIN) | 24554 |
| 710 2# - ADDED ENTRY--CORPORATE NAME | |
| Corporate name or jurisdiction name as entry element | American Council of Learned Societies. |
| 9 (RLIN) | 24555 |
| 773 0# - HOST ITEM ENTRY | |
| Title | ACLS Humanities E-Book. |
| Note | URL: http://www.humanitiesebook.org/ |
| 830 #0 - SERIES ADDED ENTRY--UNIFORM TITLE | |
| Uniform title | ACLS Humanities E-Book (Series) |
| 9 (RLIN) | 17768 |
| 856 40 - ELECTRONIC LOCATION AND ACCESS | |
| Uniform Resource Identifier | <a href="http://www.columbia.edu/cgi-bin/cul/resolve?clio8861393">http://www.columbia.edu/cgi-bin/cul/resolve?clio8861393</a> |
| Public note | Click here for full text. |
| 942 ## - ADDED ENTRY ELEMENTS (KOHA) | |
| Source of classification or shelving scheme | Library of Congress Classification |
| Koha item type | Monograph ( Printed materials) |
| Withdrawn status | Lost status | Source of classification or shelving scheme | Damaged status | Not for loan | Collection code | Home library | Current library | Shelving location | Date acquired | Total Checkouts | Full call number | Barcode | Date last seen | Date checked out | Price effective from | Koha item type |
|---|---|---|---|---|---|---|---|---|---|---|---|---|---|---|---|---|
| Library of Congress Classification | Main Collection | ARRUPE LIBRARY | ARRUPE LIBRARY | Main Collection | 03/08/2016 | 4 | HT975.C8 | 46500009294 | 12/09/2022 | 07/09/2022 | 03/08/2016 | Monograph ( Printed materials) |